| 000 | 00722nam a22002417a 4500 | ||
|---|---|---|---|
| 003 | AR-RoIUNI | ||
| 005 | 20210304121755.0 | ||
| 007 | ta | ||
| 008 | 160923s1995 ag |||||r|||| 00| 0 spa d | ||
| 020 | _a9505185464 | ||
| 040 | _cIUNIR | ||
| 080 | _a159.95 | ||
| 100 | 1 |
_aGreen, André, _d1927-2012 |
|
| 245 | 1 | 3 |
_aEl lenguaje en el psicoanálisis / _cAndré Green. |
| 260 |
_aBuenos Aires : _bAmorrortu, _c1995. |
||
| 300 |
_a238 p. : _bil. ; _c23 cm |
||
| 505 | 1 | _a1. Un punto de vista psicoanalítico sobre el lenguaje de los lingüístas -- 2. Una concepción analítica del lenguaje. | |
| 650 | 4 |
_aPSICOLOGÍA _9108 |
|
| 650 | 4 | _aPSICOANÁLISIS | |
| 650 | 4 | _aLENGUAJE | |
| 650 | 4 | _aLINGÜÍSTICA | |
| 942 |
_2cdu _cBK |
||
| 999 |
_c3307 _d3307 |
||